000
00339 a2200157 4500
001
153300
040
_c
Escola São Tomás de Aquino
100
_a
MATTOS, Amir
240
1
0
_a
Invenções
_l
por
245
1
0
_a
Invenções
300
_a
115
362
0
_a
2001
440
1
_a
Editora leitura
697
_a
*LITERATURA JUVENIL
942
_c
BK
999
_c
153300
_d
153300